Every Alex G song - Statistics

General Stats
  • This quiz has been taken 1,530 times
    411 since last reset
  • The average score is 53 of 123
Answer Stats
Answer % Correct
Race
88%
Sarah
88%
Mary
86%
Harvey
82%
Gnaw
78%
So
72%
Things to Do
72%
Trick
72%
Mis
70%
Rules
70%
House
69%
Treehouse
67%
TV
67%
16 Mirrors
66%
Adam
63%
Animals
63%
Time/Space
63%
Crab
62%
Sandy
62%
Remember
60%
Advice
57%
Candy
57%
Let It Go
57%
Forever
56%
The Same
56%
Rocket
55%
Change
54%
Whale
54%
Black Hair
53%
Trash
53%
Boy
52%
Memory
52%
People
52%
Afterlife
51%
Bobby
51%
Kute
51%
String
51%
Clouds
50%
Headlights
50%
Hope
50%
Sugar
50%
Water
49%
Brite Boy
48%
Cross Country
48%
Gretel
48%
Snot
48%
Sorry
48%
Runner
46%
Go Away
44%
Message
44%
Bug
43%
June Guitar
43%
Salt
42%
Waiting for You
42%
Alina
41%
Come Back
41%
Good
41%
Kicker
41%
Oranges
41%
Poison Root
41%
Soaker
41%
Brick
40%
Icehead
40%
New
40%
SugarHouse
40%
Axesteel
39%
Blessing
39%
Serpent is Lord
39%
Witch
39%
Skipper
38%
After Ur Gone
37%
Fighting
37%
Hollow
37%
In Love
37%
Intro
37%
Mud
37%
Southern Sky
37%
Master
36%
Wicked Boy
36%
Walk
35%
Cow
34%
Know Now
34%
Bounce Boy
33%
Louisiana
33%
Station
33%
Horse
32%
Powerful Man
32%
Promise
32%
Proud
32%
Rejoyce
32%
S.D.O.S
32%
Thorns
32%
Tripper
32%
Cross the Sea
31%
Ready
31%
Bad Man
30%
Miracles
30%
Mission
30%
Project 2
30%
Guilty
29%
Beam Me Up
28%
Judge
28%
Real Thing
28%
Big Fish
27%
In My Arms
27%
Sportstar
27%
After All
26%
Crime
26%
Forgive
26%
Is It Still You In There?
26%
Logan Hotel
26%
Walk Away
26%
Headroom Piano
25%
Immunity
25%
Look Out
25%
Spinning
25%
Near
24%
Far and Wide
23%
Taking
23%
No Bitterness
21%
Ain't It Easy
20%
Country
19%
Early Morning Waiting
19%
No matching quizzes found
Score Distribution
Percent of People with Each Score
Percentile by Number Answered
Your Score History
You have not taken this quiz since the last reset